00305nam a2200109Ia 4500008004100000082002100041245006300062260001500125490000900140650002700149650001900176220204s9999 xx 000 0 und d a631.3(5-13)bIMP 0aImproved equipment for the farm people of the SAARC region aBangladesh a1996 aAgricultural machinery aFarm equipment